000 00389nam a2200133Ia 4500
008 231221s9999 xx 000 0 und d
020 _a978-0-387-77702-3
041 _aEnglish
100 _aAbdellah Bedrouni, Ranjeev Mittu, A. Boukhtouta, Jean Berger
245 0 _aDistributed Intelligent Systems
260 _c2009
_bSpringer US
_aNew York
650 _aComputer Science
942 _cEB
999 _c218303
_d218303